FC Bayern München Squad 2025-2026 - Statistics

General Stats
  • This quiz has been taken 574 times
    162 since last reset
  • The average score is 21 of 25
Answer Stats
# Position Nation Player % Correct
1 GK Germany Manuel Neuer
100%
19 DF Canada Alphonso Davies
98%
9 FW England Harry Kane
98%
14 FW Colombia Luis Díaz
98%
- Coach Belgium Vincent Kompany
97%
10 MF Germany Jamal Musiala
96%
3 DF South Korea Min-jae Kim
96%
17 FW France Michael Olise
95%
7 FW Germany Serge Gnabry
95%
2 DF France Dayot Upamecano
94%
6 MF Germany Joshua Kimmich
94%
27 DF Austria Konrad Laimer
89%
8 MF Germany Leon Goretzka
89%
21 DF Japan Hiroki Itō
88%
4 DF Germany Jonathan Tah
88%
44 DF Croatia Josip Stanišić
87%
42 MF Germany Lennart Karl
87%
11 FW Senegal Nicolas Jackson
87%
45 MF Germany Aleksandar Pavlović
86%
40 GK Germany Jonas Urbig
83%
22 DF Portugal Raphaël Guerreiro
83%
26 GK Germany Sven Ulreich
78%
20 MF Germany Tom Bischof
63%
23 DF France Sacha Boey
57%
39 MF Senegal Bara Sapoko Ndiaye
13%
No matching quizzes found
Score Distribution
Percent of People with Each Score
Percentile by Number Answered
Your Score History
You have not taken this quiz since the last reset